000
00273nam a2200109Ia 4500
008
230822s1999 xx 000 0 und d
041
_a
eng
100
_a
NULL
245
_a
CONTEMPORARY ART FROM GERMANY.
260
_b
GERMAN FESTIVAL IN INDIA 2000-01
_c
1999
300
_a
117
999
_c
856914
_d
856914